| 000 | 00436nam a22001817a 4500 | ||
|---|---|---|---|
| 005 | 20230601180038.0 | ||
| 008 | 230601b |||||||| |||| 00| 0 eng d | ||
| 020 | _a9781259062759 | ||
| 082 |
_a621.382 _bSMI-M |
||
| 100 | _aSmith:Wiliam | ||
| 245 | _aMaterials Science and Engineering | ||
| 250 | _a5e | ||
| 260 |
_aIndia _bMC Graw Hill _c2016 |
||
| 300 | _a947 | ||
| 650 | _aEngineering | ||
| 700 | _aWiliam,F Smith | ||
| 999 |
_c18562 _d18562 |
||